Teología moral para seglares
Saved in:
| Main Author: | |
|---|---|
| Format: | Book |
| Language: | Spanish |
| Published: |
Madrid
Biblioteca de Autores Cristianos
1979
|
| Edition: | 5a. ed |
| Series: | Biblioteca de Autores Cristianos, 166
|
| Subjects: | |
| Tags: |
Add Tag
No Tags, Be the first to tag this record!
|
MARC
| LEADER | 00000nam a2200000 a 4500 | ||
|---|---|---|---|
| 001 | UCL2241 | ||
| 003 | CL-VaPUC | ||
| 008 | 031017e19790000SP |||||||||||||||||spa|d | ||
| 020 | |a 8422004402 | ||
| 020 | |a 8422004410 | ||
| 082 | 0 | 4 | |a 241 |b ROY |2 21 |
| 100 | 0 | |a Royo Marín, Antonio |e author |9 479292 | |
| 245 | 1 | 0 | |a Teología moral para seglares |
| 250 | |a 5a. ed | ||
| 300 | |a v | ||
| 942 | |c BK | ||
| 945 | |d 20031017 00:00:00 |a vberengu | ||
| 260 | |a Madrid |b Biblioteca de Autores Cristianos |c 1979 | ||
| 500 | |a v.1: Moral fundamental y especial | ||
| 650 | 0 | |a Teología moral |9 256617 | |
| 650 | 0 | |a Moral |9 265913 | |
| 583 | |a last modification |c 20031017 00:00:00 |k Rodrigo Vera | ||
| 490 | 0 | |a Biblioteca de Autores Cristianos, 166 | |
| 999 | |c 305592 |d 305590 | ||
| 952 | |0 0 |1 0 |4 0 |6 241_000000000000000_ROY_1979 |7 0 |8 A |9 369710 |a BIBTEO |b BIBTEO |d 2019-11-21 |h v.1 |i 2080923 |o 241 ROY 1979 |p 2080923 |r 2025-01-17 |w 2019-11-21 |y BK |k ICR | ||